| 000 | 01297cam a2200337 4500 | ||
|---|---|---|---|
| 001 | 13284 | ||
| 003 | BD-RjUL | ||
| 005 | 20211208235430.0 | ||
| 008 | 140130s1975 mauaf b 001 0 eng d | ||
| 020 | _a0395199794 | ||
| 020 | _a0395199778 (pbk.) | ||
| 035 | _a(BD-RjUL)13335 | ||
| 040 |
_aDLC _cDLC _dDLC _d(BD-RjUL) _beng |
||
| 041 | _aeng | ||
| 082 | 0 | 0 |
_a597.6097 _220 _bCOF 1975 |
| 100 | 1 |
_aConant, Roger, _d1909- _941367 |
|
| 245 | 1 | 2 |
_aA field guide to reptiles and amphibians of Eastern and Central North America / _cIllustrated by Isabelle Hunt Conant. |
| 250 | _a2d ed. | ||
| 260 |
_aBoston : _bHoughton Mifflin, _c1975. |
||
| 300 |
_axviii, 429 p. : _billus., 48 plates (part col.) ; _c19 cm. |
||
| 490 | 0 | _aThe Peterson field guide series, 12 | |
| 500 | _aFirst published in 1958 under title: A field guide to reptiles and amphibians of the United States and Canada east of the 100th meridian. | ||
| 504 | _aIncludes Bibliography: p. 354-361. and Index | ||
| 650 | 0 |
_aReptiles _zUnited States _xIdentification. _941368 |
|
| 650 | 0 |
_aAmphibians _zUnited States _xIdentification. _941369 |
|
| 650 | 0 |
_aReptiles _zCanada _xIdentification. _941370 |
|
| 650 | 0 |
_aAmphibians _zCanada _xIdentification. _941371 |
|
| 942 |
_2ddc _cBK |
||
| 999 |
_c13284 _d13284 |
||